000 01078nam a22002537a 4500
003 Uzh_bibl
008 260414b |||||||| |||| 00| 0 ukr d
020 _a978-966--2089-49-3
_c15.00
040 _bукр.
041 _2ukr
_aukr
080 _a2
090 _a2
_bТ30
100 _aТейлор, Кеннет
245 _aБезліч цікавого для дітей царя
_cПер.В.Новомирової
_hТекст
260 _aКиїв
_b"Світло на Сході"
_c2010
300 _a112 с.
_fВ опр.
520 _aУнелегкій та доспупній формі книга знайомить дітейй їз головними засадами християнської віри.
521 _aДля широкого кола читачів
546 _aукр.
650 _aРелігійне видання
653 _aІснує тільки один Бог
_aЗвідки походить Бог
_aНавіщо Бог створив людину
655 _aРелігійна література
_v-
942 _2udc
_cBK
999 _c17320
_d17320